000
00245nam a22001217a 4500
003
SGT
082
_b
KHA
100
_a
KHANDELWAL, DHEERA
245
_a
IN SEARCH OF STARS
260
_a
DELHI
_b
S.CHAND
_c
2012
300
_a
117
942
_2
ddc
_c
BK
999
_c
20264
_d
20264